LIBRARY & INFORMATION CENTRE, KCAET, TAVANUR

ONLINE PUBLIC ACCESS CATALOGUE (OPAC)

Cunningham`s manual of practical anatomy / (Record no. 10427)

MARC details
000 -LEADER
fixed length control field 00403cam a2200157ua 4500
041 ## - LANGUAGE CODE
Language code of text/sound track or separate title eng
082 ## - DEWEY DECIMAL CLASSIFICATION NUMBER
Classification number 611.9
Item number ROM/CU
100 ## - MAIN ENTRY--AUTHOR NAME
Personal name Romanes, G j .
245 ## - TITLE STATEMENT
Title Cunningham`s manual of practical anatomy /
250 ## - EDITION STATEMENT
Edition statement 13 /
260 ## - PUBLICATION, DISTRIBUTION, ETC. (IMPRINT)
Place of publication :
Name of publisher Oxford Medical publications ,
Year of publication 1967.
300 ## - PHYSICAL DESCRIPTION
Number of Pages 310 ; .
942 ## - ADDED ENTRY ELEMENTS (KOHA)
Koha item type Books
Holdings
Withdrawn status Lost status Damaged status Home library Current library Date acquired Full call number Accession Number Koha item type
      KAUAET KAUAET 07/04/2012 611.9 ROM/CU 3750C Books
free website counter